Architectural practice and procedure (Record no. 112669)

MARC details
000 -LEADER
fixed length control field 00728cam a22002295a 4500
001 - CONTROL NUMBER
control field E153721
008 - FIXED-LENGTH DATA ELEMENTS--GENERAL INFORMATION
fixed length control field 110822s1948 xxk f 000 0 eng d
035 ## - SYSTEM CONTROL NUMBER
System control number (Sirsi) u153721
041 0# - LANGUAGE CODE
Language code of text/sound track or separate title eng
050 04 - LIBRARY OF CONGRESS CALL NUMBER
Classification number 720.688 $2 18
100 1# - MAIN ENTRY--PERSONAL NAME
Personal name Turner, Hamilton H.
245 00 - TITLE STATEMENT
Title Architectural practice and procedure
250 ## - EDITION STATEMENT
Edition statement 4th ed.
260 ## - PUBLICATION, DISTRIBUTION, ETC.
Place of publication, distribution, etc. London
Name of publisher, distributor, etc. B. T. Batsford
Date of publication, distribution, etc. 1948
300 ## - PHYSICAL DESCRIPTION
Extent xiii, 414 p.
Dimensions 22 cm.
520 ## - SUMMARY, ETC.
Summary, etc. Offers guidance to architects on the practical side of running a business, as well as information on liaising with other professionals, such as surveyors.
651 #4 - SUBJECT ADDED ENTRY--GEOGRAPHIC NAME
Geographic name United Kingdom
Chronological subdivision
690 ## - LOCAL SUBJECT ADDED ENTRY--TOPICAL TERM (OCLC, RLIN)
Topical term or geographic name as entry element BUILT ENVIRONMENT
700 1# - ADDED ENTRY--PERSONAL NAME
Personal name Webb, Maurice E.
700 1# - ADDED ENTRY--PERSONAL NAME
Personal name Turner, John H.
942 ## - ADDED ENTRY ELEMENTS (KOHA)
Suppress in OPAC 0
Holdings
Withdrawn status Lost status Source of classification or shelving scheme Damaged status Not for loan Home library Current library Shelving location Date acquired Total Checkouts Full call number Barcode Date last seen Copy number Price effective from Koha item type
    Dewey Decimal Classification     London London Basement 22/08/2011   RESERVE 720.688 TUR 30076987 06/08/2019 1 06/08/2019 Book